AirAsia Destinations - Statistics

General Stats
  • This quiz has been taken 47 times
  • The average score is 61 of 169
Answer Stats
Hint Answer % Correct
Australia Melbourne
100%
Australia Sydney
97%
Australia Perth
95%
Cambodia Phnom Penh
89%
Bangladesh Dhaka
86%
China Beijing
84%
Indonesia Denpasar
84%
Indonesia Jakarta
84%
China Shanghai
84%
Hong Kong Hong Kong
81%
Brunei Bandar Seri Begawan
78%
India Delhi
78%
Singapore Singapore
78%
Philippines Manila
76%
Taiwan Taipei
76%
Japan Tokyo
76%
India Mumbai
73%
South Korea Seoul
73%
New Zealand Auckland
70%
Thailand Bangkok
70%
Vietnam Ho Chi Minh City
70%
Vietnam Hanoi
68%
India Kolkata
68%
Malaysia Kuala Lumpur
68%
Japan Osaka
68%
South Korea Busan
65%
Philippines Cebu
65%
India Chennai
65%
Sri Lanka Colombo
65%
China Guangzhou
65%
Macau Macau
65%
Indonesia Medan
65%
Thailand Phuket
65%
Indonesia Surabaya
65%
China Chengdu
62%
Saudi Arabia Jeddah
62%
Australia Gold Coast
59%
India Hyderabad
59%
South Korea Jeju
59%
China Xi'an
59%
India Bengaluru
57%
China Chongqing
57%
Japan Fukuoka
57%
Saudi Arabia Medina
57%
Japan Nagoya
57%
China Shenzhen
57%
Cambodia Siem Reap
57%
Georgia Tbilisi
57%
India Ahmedabad
54%
Malaysia Kota Kinabalu
54%
Japan Sapporo
54%
Laos Vientiane
54%
China Wuhan
54%
Thailand Chiang Mai
51%
Vietnam Da Nang
51%
United States Honolulu
51%
China Tianjin
51%
Myanmar Yangon
51%
Indonesia Bandung
49%
Indonesia Makassar
49%
Maldives Malé
49%
Croatia Zagreb
49%
India Goa
46%
Taiwan Kaohsiung
46%
Thailand Nan
46%
Malaysia Penang
46%
China Kunming
43%
China Nanjing
43%
China Hangzhou
41%
India Jaipur
41%
Malaysia Johor Bahru
41%
Malaysia Kuching
41%
Indonesia Palembang
41%
India Pune
41%
Philippines Davao
38%
India Kochi
38%
Myanmar Mandalay
38%
Indonesia Yogyakarta
38%
China Changsha
35%
China Nanning
35%
Japan Okinawa
35%
China Shenyang
35%
India Surat
35%
Indonesia Balikpapan
32%
Malaysia Ipoh
32%
Indonesia Lombok
32%
India Lucknow
32%
Cambodia Sihanoukville
32%
Indonesia Banda Aceh
30%
Thailand Chiang Rai
27%
Laos Luang Prabang
27%
India Nagpur
27%
Indonesia Padang
27%
Thailand Pattaya
27%
Indonesia Pontianak
27%
Philippines Puerto Princesa
27%
Thailand Krabi
24%
Malaysia Kuantan
24%
Malaysia Langkawi
24%
Malaysia Alor Setar
22%
India Amritsar
22%
Philippines Clark
22%
India Indore
22%
Malaysia Kuala Terengganu
22%
Malaysia Miri
22%
Malaysia Sandakan
22%
Indonesia Semarang
22%
Malaysia Labuan
19%
Malaysia Melaka
19%
Vietnam Phu Quoc
19%
Malaysia Sibu
19%
India Varanasi
19%
Malaysia Bintulu
16%
Vietnam Can Tho
16%
China Guilin
16%
Thailand Hat Yai
16%
Vietnam Nha Trang
16%
Indonesia Pekanbaru
16%
China Shantou
16%
Malaysia Tawau
16%
India Chandigarh
14%
Philippines Iloilo
14%
Malaysia Kota Bharu
14%
China Lanzhou
14%
China Nanchang
14%
China Quanzhou
14%
China Sanya
14%
Thailand Surat Thani
14%
Thailand Udon Thani
14%
India Visakhapatnam
14%
India Bhubaneswar
11%
Vietnam Da Lat
11%
India Guwahati
11%
India Imphal
11%
Indonesia Solo
11%
Indonesia Sorong
11%
India Srinagar
11%
India Gaya
8%
Indonesia Labuan Bajo
8%
Thailand Ubon Ratchathani
8%
India Agartala
5%
India Bagdogra
5%
Thailand Khon Kaen
5%
Philippines Tacloban
5%
Thailand Trang
5%
Philippines Bacolod
3%
Philippines Cagayan de Oro
3%
Thailand Chumphon
3%
Philippines Dumaguete
3%
Thailand Hua Hin
3%
Philippines Kalibo
3%
Thailand Loei
3%
Indonesia Majalengka
3%
Thailand Nakhon Si Thammarat
3%
Thailand Ranong
3%
Indonesia Siborong-Borong
3%
Philippines Tagbilaran
3%
Indonesia Tanjung Pandan
3%
Philippines Zamboanga
3%
Thailand Buriram
0%
Philippines Caticlan
0%
Thailand Nakhon Phanom
0%
Thailand Narathiwat
0%
Thailand Phitsanulok
0%
India Ranchi
0%
Thailand Roi Et
0%
Philippines Roxas City
0%
Thailand Sakon Nakhon
0%
India Tiruchirapalli
0%
No matching quizzes found
Score Distribution
Percent of People with Each Score
Percentile by Number Answered
Your Score History
You have not taken this quiz